La Democracia práctica

Saved in:
Bibliografiske detaljer
Main Authors: Urzúa Valenzuela, Germán (Author), Silva Cimma, Enrique (Author)
Format: Bog
Sprog:spansk
Udgivet: Santiago Melquíades 1988
Fag:
Tags: Tilføj Tag
Ingen Tags, Vær først til at tagge denne postø!

MARC

LEADER 00000nam a2200000 a 4500
001 UCW8999
003 CL-VaPUC
008 881118e19880000CL |||||||||||||||||spa|d
082 0 4 |a 320.52  |b URZ  |2 21 
100 0 |a Urzúa Valenzuela, Germán  |e author  |9 314159 
700 0 |a Silva Cimma, Enrique  |e author  |9 314160 
245 1 3 |a La Democracia práctica 
246 1 4 |a Los gobiernos radicales 
300 |a 339 p 
942 |c BK 
945 |d 19881118 00:00:00 
260 |a Santiago  |b Melquíades  |c 1988 
650 7 |a RADICALISMO 1931-1952  |2 CL-VaPUC  |9 314161 
650 7 |a POLITICA Y GOBIERNO 1931-1952  |2 CL-VaPUC  |9 314162 
651 7 |a CHILE  |2 CL-VaPUC  |9 314163 
583 |a last modification  |c 19881118 00:00:00  |k Rodrigo Vera 
999 |c 221113  |d 221111 
952 |0 0  |1 0  |4 0  |6 320_520000000000000_URZ_1988  |7 0  |8 A  |9 214097  |a BIBENE  |b BIBENE  |d 2019-11-15  |i 2826089  |o 320.52 URZ 1988  |p 2826089  |r 2025-01-15  |w 2019-11-15  |y BK  |k ICO